[Event "Tunis Ramadan Cup"]
[Site "Tunis"]
[Date "2018.06.11"]
[Round "5"]
[White "Bouzidi, Ahmed"]
[Black "Matoussi, Wael"]
[Result "1/2-1/2"]
[WhiteElo "2158"]
[BlackElo "2031"]
[PlyCount "90"]
[EventDate "2018.06.10"]
[EventType "swiss"]
[EventRounds "9"]
[EventCountry "TUN"]
[SourceTitle "CBM 185 Extra"]
[Source "ChessBase"]
[SourceDate "2018.07.29"]
[SourceVersion "1"]
[SourceVersionDate "2018.07.29"]
[SourceQuality "1"]

1. e4 d5 2. exd5 Qxd5 3. d4 e5 4. dxe5 Qxd1+ 5. Kxd1 Nc6 6. f4 Bg4+ 7. Be2 0-0-0+ 8. Bd2 Bf5 9. c3 Bc5 10. Kc1 f6 11. Nf3 Nge7 12. exf6 gxf6 13. b4 Bb6 14. Na3 a6 15. Nc4 Ba7 16. Be3 Rhe8 17. Bxa7 Nxa7 18. Nd4 Be4 19. Bf3 Nd5 20. Kb2 Nb5 21. Nxb5 axb5 22. Nd2 Bxf3 23. Nxf3 Re2+ 24. Kb3 Rxg2 25. f5 Nb6 26. Nd4 c6 27. Rag1 Rf2 28. Rf1 Rg2 29. Rfg1 Rdg8 30. Rxg2 Rxg2 31. a4 bxa4+ 32. Ka3 Kc7 33. b5 h5 34. Re1 Rxh2 35. bxc6 bxc6 36. Re7+ Kd6 37. Re6+ Kd5 38. Rxc6 Nc4+ 39. Kxa4 h4 40. Kb4 Rb2+ 41. Ka4 h3 42. Rxf6 h2 43. Rh6 Ne3 44. f6 Rf2 45. f7 Rxf7 1/2-1/2

[Event "Monastir Moknine op-B"]
[Site "Monastir"]
[Date "2017.09.11"]
[Round "9"]
[White "Matoussi, Wael"]
[Black "Latreche, Sabrina"]
[Result "1/2-1/2"]
[WhiteElo "1904"]
[BlackElo "2015"]
[PlyCount "55"]
[EventDate "2017.09.05"]
[EventType "swiss"]
[EventRounds "9"]
[EventCountry "TUN"]
[SourceTitle "EXT 2019"]
[Source "ChessBase"]
[SourceDate "2018.10.10"]
[SourceVersion "1"]
[SourceVersionDate "2018.10.10"]
[SourceQuality "1"]

1. d4 b6 2. Nf3 Bb7 3. Bf4 g6 4. e3 Bg7 5. h3 d6 6. Nbd2 Nf6 7. Be2 0-0 8. 0-0 Nbd7 9. c3 Ne4 10. a4 a5 11. Bh2 e5 12. Nxe4 Bxe4 13. Nd2 Bb7 14. Bf3 d5 15. dxe5 Nxe5 16. Be2 Qe7 17. Re1 Rfd8 18. Qc2 c5 19. Nf3 d4 20. exd4 cxd4 21. Nxe5 Bxe5 22. Bxe5 Qxe5 23. Ba6 Qd5 24. Bxb7 Qxb7 25. cxd4 Rxd4 26. Rad1 Rxd1 27. Qxd1 Rc8 28. Qd6 1/2-1/2

[Event "Tunis Ariana op"]
[Site "Tunis"]
[Date "2017.04.28"]
[Round "4"]
[White "Saadani, Tarak"]
[Black "Matoussi, Wael"]
[Result "1-0"]
[WhiteElo "2060"]
[BlackElo "1908"]
[PlyCount "73"]
[EventDate "2017.04.25"]
[EventType "swiss"]
[EventRounds "9"]
[EventCountry "TUN"]
[SourceTitle "CBM 178 Extra"]
[Source "ChessBase"]
[SourceDate "2017.06.22"]
[SourceVersion "1"]
[SourceVersionDate "2017.06.22"]
[SourceQuality "1"]

1. e4 d5 2. exd5 Qxd5 3. Nc3 Qa5 4. d4 Nf6 5. Nf3 c6 6. Bc4 Bf5 7. 0-0 e6 8. Ne5 Be7 9. Bd2 Qc7 10. Bf4 Bd6 11. Qe2 0-0 12. Bg3 Nbd7 13. Bb3 Rad8 14. Rad1 Bg6 15. Nxg6 hxg6 16. Bxd6 Qxd6 17. Ne4 Nxe4 18. Qxe4 Nf6 19. Qe2 Rd7 20. c3 Rfd8 21. g3 Re8 22. Rfe1 Rde7 23. Qe5 Qd8 24. h4 Rd7 25. Qg5 Nd5 26. Qg4 Nf6 27. Qf3 Rd6 28. g4 Nd5 29. Qg3 Ne7 30. Re5 Nd5 31. Rde1 Qf6 32. R5e4 Red8 33. g5 Qe7 34. Qh3 Rf8 35. h5 gxh5 36. Qxh5 g6 37. Qh3 1-0

[Event "Monastir Subsidiaire op"]
[Site "Monastir"]
[Date "2014.03.27"]
[Round "5"]
[White "Matoussi, Wael"]
[Black "Barhoumi, Med Anis"]
[Result "1-0"]
[WhiteElo "1913"]
[BlackElo "1982"]
[PlyCount "47"]
[EventDate "2014.03.24"]
[EventType "swiss"]
[EventRounds "9"]
[EventCountry "TUN"]
[SourceTitle "EXT 2016"]
[Source "ChessBase"]
[SourceDate "2015.10.08"]
[SourceVersion "1"]
[SourceVersionDate "2015.10.08"]
[SourceQuality "1"]

1. c4 c6 2. g3 d5 3. Bg2 Nf6 4. Nf3 dxc4 5. a4 Be6 6. Qc2 Na6 7. Na3 Nb4 8. Qc3 a5 9. 0-0 Bd5 10. Ne5 g6 11. e4 Be6 12. Naxc4 Bg7 13. d4 0-0 14. Be3 b5 15. Na3 Rc8 16. Qd2 Nd7 17. Nxd7 Qxd7 18. axb5 cxb5 19. d5 Bh3 20. Bxh3 Qxh3 21. Nxb5 Rc2 22. Qd1 Rxb2 23. Rxa5 Nc2 24. Bc1 1-0

[Event "TUN-ch"]
[Site "Hammamet"]
[Date "2013.03.17"]
[Round "2"]
[White "Hergli, Amir"]
[Black "Matoussi, Wael"]
[Result "0-1"]
[WhiteElo "2155"]
[BlackElo "1912"]
[PlyCount "144"]
[EventDate "2013.03.16"]
[EventType "swiss"]
[EventRounds "9"]
[EventCountry "TUN"]
[SourceTitle "CBM 153 Extra"]
[Source "ChessBase"]
[SourceDate "2013.04.22"]
[SourceVersion "1"]
[SourceVersionDate "2013.04.22"]
[SourceQuality "1"]

1. d4 Nf6 2. c4 e6 3. Nc3 Bb4 4. e3 0-0 5. Bd3 d5 6. Nf3 c5 7. 0-0 dxc4 8. Bxc4 cxd4 9. exd4 b6 10. Bg5 Nbd7 11. Qe2 Bb7 12. Ne5 Bxc3 13. bxc3 Qc7 14. Rac1 Nxe5 15. dxe5 Ne4 16. Bf4 Nc5 17. Rfd1 Rfd8 18. f3 Rxd1+ 19. Rxd1 Rd8 20. Rd6 Rxd6 21. exd6 Qd7 22. h4 Bc6 23. h5 h6 24. Qd2 Bb5 25. Qd4 Bc6 26. Be5 f6 27. Bf4 Kf8 28. Be3 Nb7 29. Bb3 Nxd6 30. Bf2 Nf7 31. Qb4+ Qe7 32. Bxe6 Qxb4 33. cxb4 Ne5 34. a3 Ke7 35. Bb3 Be8 36. a4 Nd3 37. Bd4 Nxb4 38. g4 Na6 39. a5 Nc5 40. Bc4 Kd6 41. axb6 axb6 42. f4 b5 43. Ba2 b4 44. g5 hxg5 45. fxg5 fxg5 46. Bxg7 Bxh5 47. Bh6 g4 48. Kf2 Bg6 49. Kg3 Bf5 50. Kf4 Bd7 51. Ke3 Kc6 52. Bf8 Kb5 53. Kd4 Ne6+ 54. Bxe6 Bxe6 55. Bd6 b3 56. Kc3 Kc6 57. Bg3 Kd7 58. Be5 Ke7 59. Kd3 Kf7 60. Ke3 Ke8 61. Kd3 Kd7 62. Kc3 Kc6 63. Kd3 Kd5 64. Bb2 Bf5+ 65. Ke3 Kc4 66. Ba1 Be6 67. Bb2 Bd5 68. Kf4 Bf3 69. Ke3 Bd1 70. Kd2 g3 71. Ke3 g2 72. Kf2 Bf3 0-1

[Event "TUN-ch"]
[Site "Hammamet"]
[Date "2013.03.17"]
[Round "3"]
[White "Matoussi, Wael"]
[Black "Boudriga, Mohamed Ali"]
[Result "0-1"]
[WhiteElo "1912"]
[BlackElo "2217"]
[PlyCount "50"]
[EventDate "2013.03.16"]
[EventType "swiss"]
[EventRounds "9"]
[EventCountry "TUN"]
[SourceTitle "CBM 153 Extra"]
[Source "ChessBase"]
[SourceDate "2013.04.22"]
[SourceVersion "1"]
[SourceVersionDate "2013.04.22"]
[SourceQuality "1"]

1. c4 c6 2. g3 d5 3. Nf3 Nf6 4. Bg2 dxc4 5. Qc2 e6 6. Ne5 Nbd7 7. Nxc4 Be7 8. 0-0 0-0 9. d4 Re8 10. Rd1 Nd5 11. e4 Nb4 12. Qe2 b5 13. Ne3 Bb7 14. a3 Na6 15. b4 Nc7 16. Bb2 a5 17. Nc2 axb4 18. axb4 Rxa1 19. Bxa1 Qa8 20. Bc3 Qa2 21. Qd3 Rd8 22. Nd2 Ne5 23. Ra1 Qxa1+ 24. Bxa1 Nxd3 25. Bf1 Nxb4 0-1